• 首页
  • 本馆介绍
  • 公告通知
  • 最新文献
  • 馆藏检索
  • 电子资源
  • 读者导购
  • 参考咨询
  • 我的图书馆
  • 登录
  • 详细信息显示
  • 放入我的书架
  • 预约/预借图书
  • 作者相关作品
  • 分类相关作品
  • 丛书相关作品
  • 出版社相关作品

书目信息

  • 表格格式
  • 工作单格式
  • 卡片格式
题名:
物流运作典型案例诊断
    
 
作者: 葛承群 , 韩刚 , 沈兴龙 主编
分册:  
出版信息: 北京   中国物资出版社  2006
页数: 417页
开本: 24cm
丛书名:
单 册:
中图分类: F259.1
科图分类:
主题词: 物流--物资管理--案例--高等教育--教材 , 物流 , 物资管理
电子资源:
ISBN: 7-5047-2470-X
000 01152nam0 2200301 450
001 003102581
005 20070804111351.75
010    @a7-5047-2470-X@dCNY40.00
100    @a20060313d2006 em y0chiy0110 ea
101 0  @achi
102    @aCN@b110000
105    @ay z 000yy
200 1  @a物流运作典型案例诊断@9wu liu yun zuo dian xing an li zhen duan@f葛承群,韩刚,沈兴龙主编
210    @a北京@c中国物资出版社@d2006
215    @a417页@d24cm
300    @a教育部立项推荐 高等职业教育物流管理专业紧缺人才培养指导方案配套教材 公共必修课
312    @a封面英文题名:Diagnosis of typical logistics operation cases
330    @a本书精选了国内外数以千计的物流企业管理案例,内容涵盖了工业物流管理、商业物流管理、运输物流管理、第三方物流管理、供应链物流管理等。
510 1  @aDiagnosis of typical logistics operation cases@zeng
606 0  @a物流@x物资管理@x案例@x高等教育@j教材
606 0  @a物流
606 0  @a物资管理
690    @aF259.1@v4
701  0 @a葛承群@9ge cheng qun@4主编
701  0 @a韩刚@9han gang@c(物流管理)@4主编
701  0 @a沈兴龙@9shen xing long@c(经济师)@4主编
801  0 @aCN@bNLC@c20070804
905    @a10447@dF259.1@e115
    
    物流运作典型案例诊断/葛承群,韩刚,沈兴龙主编.-北京:中国物资出版社,2006
    417页;24cm
    教育部立项推荐 高等职业教育物流管理专业紧缺人才培养指导方案配套教材 公共必修课
    
    ISBN 7-5047-2470-X:CNY40.00
    本书精选了国内外数以千计的物流企业管理案例,内容涵盖了工业物流管理、商业物流管理、运输物流管理、第三方物流管理、供应链物流管理等。
●
相关链接 在E读中查询图书 在五车中查询图书 在当当中查询图书 在豆瓣中查询图书


正题名:物流运作典型案例诊断     索取号:F259.1/115         预约/预借

序号 登录号 条形码 馆藏地/架位号 状态 备注
1 0803297   208032975   第一样本阅览室/ [索取号:F259.1/115] 在馆    
2 0803298   208032984   第一借阅区/ [索取号:F259.1/115] 在馆    
3 0803299   208032993   第一借阅区/ [索取号:F259.1/115] 在馆    
4 0803300   208033000   第一借阅区/ [索取号:F259.1/115] 在馆    
5 0803301   208033019   第一借阅区/ [索取号:F259.1/115] 在馆    
6 0803302   208033028   第一借阅区/ [索取号:F259.1/115] 在馆    
7 0803303   208033037   第一借阅区/ [索取号:F259.1/115] 在馆    
8 0803304   208033046   第一借阅区/ [索取号:F259.1/115] 在馆    
9 0803305   208033055   第一借阅区/ [索取号:F259.1/115] 在馆    
10 0803306   208033064   第一借阅区/ [索取号:F259.1/115] 在馆    
唐山师范学院图书馆 欢迎您!
大连网信软件有限公司© 版权所有